Marketing a děti
Deti ako dôležitá cieľová skupina marketingovej komunikácie. Výchova zákazníka od detstva. Televízia a detské časopisy - oblasti reklám určených pre deti. Deti a rodičia. Názor psychológov. Dôležitá úloha detí pri rodinnom rozhodovaní o kúpe určitého produktu.
Salvato in:
| Autore principale: | |
|---|---|
| Natura: | Capitolo di libro |
| Lingua: | ceco |
| Soggetti: | |
| Tags: |
Nessun Tag, puoi essere il primo ad aggiungerne!!
|
MARC
| LEADER | 00000naa$a2200000$$$4500 | ||
|---|---|---|---|
| 001 | 0088187 | ||
| 005 | 20231018131207.4 | ||
| 041 | 0 | |a cze | |
| 044 | |a CZ | ||
| 245 | 1 | 0 | |a Marketing a děti |c Aleš Hudský |
| 520 | |a Deti ako dôležitá cieľová skupina marketingovej komunikácie. Výchova zákazníka od detstva. Televízia a detské časopisy - oblasti reklám určených pre deti. Deti a rodičia. Názor psychológov. Dôležitá úloha detí pri rodinnom rozhodovaní o kúpe určitého produktu. | ||
| 610 | 2 | 0 | |a marketing |
| 610 | 2 | 0 | |a komunikácia marketingová |
| 610 | 2 | 0 | |a reklama |
| 610 | 2 | 0 | |a médiá |
| 610 | 2 | 0 | |a deti |
| 100 | 1 | |a Hudský, Aleš | |